| 000 | 01591 a2200229 4500 | ||
|---|---|---|---|
| 020 | _a0192824546 | ||
| 035 | _a(OCoLC)ocm44152248 | ||
| 040 |
_aDLC _bDLC |
||
| 082 | 0 | 0 | _a182 |
| 245 | 0 | 4 |
_aThe first philosophers : the presocratics and sophists _bthe presocratics and sophists _cRobin Waterfield. |
| 260 |
_aOxford ; _aNew York : _bOxford University Press, _c2000. |
||
| 300 |
_axlvi, 354 p. : _bill. ; _c20 cm. |
||
| 490 | 1 | _aOxford world's classics | |
| 505 | 0 | _aPreface and acknowledgements -- Introduction -- Select bibliography -- Note on the texts -- Timeline -- The Presocratics. The Milesians: Thales of Miletus, Anaximander of Miletus, Anaximenes of Miletus ; Xenophanes of Colophon ; Heraclitus of Ephesus ; Parmenides of Elea ; Zeno of Elea ; Melissus of Samos ; Pythagoras of Croton and fifth-century Pythagoreanism ; Anaxagoras of Clazomenae ; Empedocles of Acragas ; The atomists: Leucippus of Abdera, Democritus of Abdera ; Diogenes of Apollonia --The Sophists. Protagoras of Abdera ; Gorgias of Leontini ; Prodicus of Ceos ; Hippias of Elis ; Antiphon the Sophist ; Thrasymachus of Chalcedon ; Euthydemus and Dionysodorus of Chios ; Double arguments ; Anonymous and miscellaneous texts -- Explanatory notes -- Textual notes -- Concordance with Diels/Kranz -- Index of translated passages. | |
| 650 | 0 | _aPre-Socratic philosophers. | |
| 650 | 0 | _aSophists (Greek philosophy) | |
| 650 | 0 | _aPr⥳ocratiques. | |
| 650 | 0 | _aSophistes grecs. | |
| 700 | 1 |
_aWaterfield, Robin, _d1952- |
|
| 830 | 0 | _aOxford world's classics (Oxford University Press) | |
| 942 |
_cBK _k182 WAT _2ddc |
||
| 999 |
_c7026 _d7026 |
||